| 000 | 00632nam a22001817a 4500 | ||
|---|---|---|---|
| 999 |
_c179933 _d179933 |
||
| 005 | 20210716155802.0 | ||
| 010 | _aENG-129580 | ||
| 020 |
_a978-93-89949-16-2 _c995.00 |
||
| 035 | _aEN-113112 | ||
| 037 | _bDBAD/PUB | ||
| 082 | _a006.8 | ||
| 100 | _aChetankumar G. shetty | ||
| 245 |
_aAugmented reality : Theory , design and development/ _cBy Shetty, Chetankumar G. |
||
| 260 |
_aAlapakkam _bMc Graw Hill _c2020 |
||
| 270 |
_a444/1,Sri Ekambara Naicker Industrial Estate,Alapakkam,Porur _bChennai _e600116 _minfo.india@mheducation.com _k18001035875 |
||
| 300 |
_a493p; _c24cm(PB) |
||
| 942 |
_2ddc _cEN _h006.8 _mSHE |
||